UBT Library

Readings in criminal law / (Record no. 1250)

000 -LEADER
fixed length control field 00493nam a22001817a 4500
008 - FIXED-LENGTH DATA ELEMENTS--GENERAL INFORMATION
fixed length control field 151012b xxu||||| |||| 00| 0 eng d
020 ## - INTERNATIONAL STANDARD BOOK NUMBER
International Standard Book Number 0870847767
041 0# - LANGUAGE CODE
Language code of text/sound track or separate title eng
080 ## - UNIVERSAL DECIMAL CLASSIFICATION NUMBER
Universal Decimal Classification number 343
245 00 - TITLE STATEMENT
Title Readings in criminal law /
Statement of responsibility, etc Russell L. Weaver ... [et al.].
260 ## -
-- Cincinnati, Ohio :
-- Anderson Pub. Co.,
-- 1998.
300 ## -
-- xix, 613 f. ;
-- 26 cm.
650 #0 -
-- Kriminalistika
650 #0 -
-- Ligjet
650 #0 -
-- Kriminologjia
700 1# -
-- Weaver, Russell L.,
942 ## - ADDED ENTRY ELEMENTS (KOHA)
Source of classification or shelving scheme
Item type Books
Holdings
Withdrawn status Lost status Source of classification or shelving scheme Damaged status Not for loan Collection code Permanent location Current location Shelving location Date acquired Total Checkouts Full call number Barcode Date last seen Price effective from Koha item type
          Koleksioni i përgjithshem UBT - Lipjan UBT - Lipjan Koleksioni i përgjithshem 10/12/2015   343 WEA 002-008616 10/12/2015 10/12/2015 Books
UBT Library © 2015-2024. All rights reserved University Education for Business and Technology